000 00620nam a2200229Ia 4500
003 OSt
005 20220923230737.0
006 a|||||r|||| 00| 0
007 ta
008 Pun
024 _a305,224
037 _cTextual
040 _aARTS
_cARTS
_bPun
041 _2Pun
_aPun
082 _aQ8441:9, 153J8
100 _aਸੋਚ, ਨਰਿੰਦਰ ਸਿੰਘ
245 0 _aਗੁਰਮਤਿ ਪ੍ਰਕਾF
_b ਦਸਮੇਸ ਅੰਕ
260 _c1968
650 _aਧਰਮ
942 _hQ8441:9, 153J8
_cTEXL
_2CC
999 _c387027
_d387027